[Event "FBL 1"]
[Site "?"]
[Date "2018.11.18"]
[Round "4.3"]
[White "Schmidt, Jessica"]
[Black "Boehm, Jana"]
[Result "0-1"]
[WhiteElo "2276"]
[BlackElo "1995"]
[PlyCount "96"]
[EventDate "2018.10.27"]
[EventType "team-tourn"]
[EventCountry "GER"]
[WhiteTeam "Karlsruher SF"]
[BlackTeam "Lehrte SK"]
[WhiteTeamCountry "GER"]
[BlackTeamCountry "GER"]

1. d4 Nf6 2. Bg5 Ne4 3. Bf4 c5 4. Qd3 d5 5. e3 c4 6. Qe2 Nc6 7. f3 Qa5+ 8. c3
Nf6 9. g4 e6 10. h4 b5 11. Nh3 b4 12. Nf2 Bb7 13. Bg2 Be7 14. Bg3 h6 15. O-O
Bd8 16. e4 Bc7 17. e5 Nh7 18. f4 b3 19. Na3 bxa2 20. Rxa2 Qb6 21. Raa1 Na5 22.
f5 O-O-O 23. Qe3 Nb3 24. Rae1 Kb8 25. Nh3 Rhf8 26. Nf4 a6 27. Rf2 Rde8 28. fxe6
fxe6 29. Ref1 Bd8 30. Ng6 Rxf2 31. Rxf2 Be7 32. Qf4 Bxa3 33. bxa3 Bc6 34. Qf7
Qa5 35. Qxg7 Qxc3 36. Qxh7 Qxg3 37. Ne7 Bb5 38. Qf7 Nxd4 39. Nxd5 exd5 40. Qxd5
Nc6 41. Qd6+ Kc8 42. Rf7 Qe1+ 43. Bf1 Qg3+ 44. Bg2 Qe1+ 45. Bf1 Ne7 46. e6 c3
47. a4 Qe3+ 48. Rf2 Rf8 0-1

[Event "FBL 1"]
[Site "?"]
[Date "2018.11.18"]
[Round "4.4"]
[White "Manusina, Nicole"]
[Black "Mader, Manuela"]
[Result "1-0"]
[WhiteElo "1975"]
[BlackElo "2200"]
[PlyCount "69"]
[EventDate "2018.10.27"]
[EventType "team-tourn"]
[EventCountry "GER"]
[WhiteTeam "Lehrte SK"]
[BlackTeam "Karlsruher SF"]
[WhiteTeamCountry "GER"]
[BlackTeamCountry "GER"]

1. d4 Nf6 2. c4 g6 3. Nc3 Bg7 4. e4 d6 5. f3 O-O 6. Be3 a6 7. Qd2 Nbd7 8. Nge2
c5 9. Nc1 b6 10. Be2 cxd4 11. Bxd4 Bb7 12. O-O Qc7 13. Kh1 e6 14. Rd1 Rad8 15.
Nb3 Ne5 16. Rac1 Nfd7 17. Na1 f5 18. exf5 gxf5 19. Nc2 Rfe8 20. f4 Nxc4 21.
Bxc4 Qxc4 22. Bxg7 Kxg7 23. Qxd6 Qc5 24. Ne2 Kf7 25. Qd4 Rg8 26. Ne3 Qxd4 27.
Rxd4 Ba8 28. Rc7 Ke8 29. Ra7 Rg7 30. Ng3 Bc6 31. Rd6 Bd5 32. Nxd5 exd5 33. Nxf5
Rg6 34. Rxd5 Rc8 35. Raxd7 1-0

[Event "FBL 1"]
[Site "?"]
[Date "2018.11.18"]
[Round "4.5"]
[White "Rubina, Tatiana"]
[Black "Laake, Jasmin"]
[Result "0-1"]
[WhiteElo "2005"]
[BlackElo "2015"]
[PlyCount "120"]
[EventDate "2018.10.27"]
[EventType "team-tourn"]
[EventCountry "GER"]
[WhiteTeam "Karlsruher SF"]
[BlackTeam "Lehrte SK"]
[WhiteTeamCountry "GER"]
[BlackTeamCountry "GER"]

1. e4 c5 2. Nf3 d6 3. d4 cxd4 4. Nxd4 Nf6 5. Nc3 a6 6. Be2 e5 7. Nb3 b5 8. Be3
Nbd7 9. Bf3 Nb6 10. a4 b4 11. Nd5 Nbxd5 12. exd5 e4 13. Be2 Bb7 14. Qd4 Nxd5
15. Qxe4+ Qe7 16. Qxe7+ Bxe7 17. Bd2 Bf6 18. Na5 Bc8 19. Nc4 Ke7 20. Bf3 Be6
21. O-O-O Rab8 22. Rhe1 Nb6 23. Na5 Nxa4 24. Nc6+ Kd7 25. Nxb8+ Rxb8 26. Bf4
Bxb2+ 27. Kb1 Rb6 28. Be3 Rb5 29. Bf4 d5 30. Re3 Bf6 31. Rdd3 Nc5 32. Rd1 Ra5
33. Be5 Bxe5 34. Rxe5 Kd6 35. Rh5 Na4 36. Rd3 Nc3+ 37. Kc1 Ra1+ 38. Kd2 h6 39.
Rh4 a5 40. Rf4 Ke5 41. g3 Ra2 42. Re3+ Kd6 43. g4 Kc5 44. h4 a4 45. g5 hxg5 46.
hxg5 d4 47. Re5+ Kc4 48. g6 b3 49. gxf7 Rxc2+ 50. Ke1 b2 51. Kf1 b1=Q+ 52. Re1
Rc1 53. f8=Q Bh3+ 54. Kg1 Rxe1+ 55. Kh2 Be6 56. Qxg7 Qd3 57. Qc7+ Kb3 58. Qb6+
Kc2 59. Bg2 Qh7+ 60. Kg3 Ne2+ 0-1

[Event "FBL 1"]
[Site "?"]
[Date "2018.11.18"]
[Round "4.1"]
[White "Santeramo, Alessia"]
[Black "Javakhishvili, Lela"]
[Result "0-1"]
[WhiteElo "2066"]
[BlackElo "2477"]
[PlyCount "64"]
[EventDate "2018.10.27"]
[EventType "team-tourn"]
[EventCountry "GER"]
[WhiteTeam "Muenchen FC Bayern"]
[BlackTeam "Schwaebisch Hall SK"]
[WhiteTeamCountry "GER"]
[BlackTeamCountry "GER"]

1. e4 c5 2. Nf3 e6 3. d4 cxd4 4. Nxd4 a6 5. c4 Nf6 6. Nc3 Bb4 7. Bd3 Qc7 8. O-O
b6 9. Be3 Bb7 10. Qc2 Ng4 11. Nf3 Nxe3 12. fxe3 Bc5 13. Rae1 Nc6 14. Qf2 f6 15.
Ne2 Ne5 16. Nxe5 Qxe5 17. Nd4 Bxe4 18. Bxe4 Qxe4 19. Qd2 O-O 20. Rf4 Qb7 21.
Rh4 Be7 22. Qe2 f5 23. Rh3 g6 24. Rf1 Rac8 25. Rff3 Qe4 26. Rfg3 f4 27. Rf3
fxe3 28. Nc2 Qxc4 29. Qxc4 Rxc4 30. Nxe3 Rc1+ 31. Kf2 Rxf3+ 32. Kxf3 Rb1 0-1

[Event "FBL 1"]
[Site "?"]
[Date "2018.11.18"]
[Round "4.2"]
[White "Cornette, Deimante"]
[Black "Giss, Helene"]
[Result "1-0"]
[WhiteElo "2460"]
[BlackElo "2042"]
[PlyCount "113"]
[EventDate "2018.10.27"]
[EventType "team-tourn"]
[EventCountry "GER"]
[WhiteTeam "Schwaebisch Hall SK"]
[BlackTeam "Muenchen FC Bayern"]
[WhiteTeamCountry "GER"]
[BlackTeamCountry "GER"]

1. e4 e6 2. d4 d5 3. Nd2 c5 4. exd5 Qxd5 5. Ngf3 cxd4 6. Bc4 Qd6 7. O-O Nf6 8.
Nb3 Nc6 9. Nbxd4 Nxd4 10. Nxd4 a6 11. Re1 Bd7 12. c3 Qc7 13. Bd3 O-O-O 14. Qe2
Nd5 15. Qf3 Bd6 16. h3 Rdf8 17. Bd2 Bf4 18. Bxf4 Qxf4 19. Be4 Qxf3 20. Bxf3 Ne7
21. Rad1 Rd8 22. c4 Kc7 23. Kf1 Bc6 24. Ke2 e5 25. Nxc6 Nxc6 26. Bxc6 Kxc6 27.
Kf3 f6 28. b4 b6 29. Ke4 g6 30. g4 Rhe8 31. Rf1 Rf8 32. f3 Rfe8 33. a3 Rf8 34.
Rh1 Rd6 35. Rxd6+ Kxd6 36. Rd1+ Ke6 37. c5 bxc5 38. bxc5 f5+ 39. Ke3 Rc8 40.
Rd6+ Ke7 41. Rxa6 Rxc5 42. g5 Rc3+ 43. Ke2 Rc2+ 44. Kd3 Rf2 45. Ke3 Rb2 46.
Ra7+ Ke8 47. a4 Rb3+ 48. Kf2 Ra3 49. a5 Kd8 50. h4 Kc8 51. Rxh7 Rxa5 52. h5
Ra2+ 53. Kf1 Ra1+ 54. Kg2 Kd8 55. hxg6 Ra2+ 56. Kh3 Ra1 57. g7 1-0

[Event "FBL 1"]
[Site "?"]
[Date "2018.11.18"]
[Round "4.3"]
[White "Dirmeier, Carolin"]
[Black "Kashlinskaya, Alina"]
[Result "0-1"]
[WhiteElo "1937"]
[BlackElo "2477"]
[PlyCount "38"]
[EventDate "2018.10.27"]
[EventType "team-tourn"]
[EventCountry "GER"]
[WhiteTeam "Muenchen FC Bayern"]
[BlackTeam "Schwaebisch Hall SK"]
[WhiteTeamCountry "GER"]
[BlackTeamCountry "GER"]

1. e4 Nf6 2. e5 Nd5 3. d4 d6 4. c4 Nb6 5. exd6 cxd6 6. Nc3 g6 7. Be3 Bg7 8. Rc1
O-O 9. b3 Nc6 10. Qd2 e5 11. d5 Ne7 12. b4 Nf5 13. c5 Nxe3 14. fxe3 Nd7 15. Nb5
dxc5 16. bxc5 a6 17. Nd6 Nxc5 18. Nxf7 Rxf7 19. Rxc5 Qf8 0-1

[Event "FBL 1"]
[Site "?"]
[Date "2018.11.18"]
[Round "4.4"]
[White "Bulmaga, Irina"]
[Black "Schenk, Stefanie"]
[Result "1-0"]
[WhiteElo "2386"]
[BlackElo "2096"]
[PlyCount "39"]
[EventDate "2018.10.27"]
[EventType "team-tourn"]
[EventCountry "GER"]
[WhiteTeam "Schwaebisch Hall SK"]
[BlackTeam "Muenchen FC Bayern"]
[WhiteTeamCountry "GER"]
[BlackTeamCountry "GER"]

1. e4 d5 2. exd5 Qxd5 3. Nc3 Qa5 4. d4 c6 5. Nf3 Bf5 6. Bc4 e6 7. Bd2 Nf6 8.
Nd5 Qd8 9. Nxf6+ gxf6 10. Bb3 Bg4 11. h3 Bh5 12. Qe2 Qe7 13. O-O-O Na6 14. g4
Bg6 15. Rhe1 Nc7 16. Nh4 Kd7 17. f4 f5 18. Qf2 Qf6 19. d5 Nxd5 20. Bc3 1-0

[Event "FBL 1"]
[Site "?"]
[Date "2018.11.18"]
[Round "4.5"]
[White "Ankerst, Milka"]
[Black "Ambartsumova, Karina"]
[Result "0-1"]
[WhiteElo "2015"]
[BlackElo "2371"]
[PlyCount "110"]
[EventDate "2018.10.27"]
[EventType "team-tourn"]
[EventCountry "GER"]
[WhiteTeam "Muenchen FC Bayern"]
[BlackTeam "Schwaebisch Hall SK"]
[WhiteTeamCountry "GER"]
[BlackTeamCountry "GER"]

1. e4 c5 2. Nf3 e6 3. c4 Nc6 4. Nc3 g5 5. h3 Bg7 6. d3 h6 7. a3 Nge7 8. Be3 Nd4
9. Rb1 O-O 10. Ne2 Nec6 11. Nexd4 cxd4 12. Bd2 d5 13. Qc2 dxe4 14. dxe4 f5 15.
Bd3 Qf6 16. O-O f4 17. e5 Nxe5 18. Nxe5 Qxe5 19. b4 Bd7 20. f3 Rac8 21. Be4 b6
22. Qd3 Bc6 23. Rfe1 Qf6 24. Re2 Bxe4 25. Rxe4 e5 26. Rbe1 Rfe8 27. Rc1 Qd6 28.
Kf2 Rc7 29. c5 Qd5 30. cxb6 Rxc1 31. Bxc1 axb6 32. Re2 Rc8 33. Bb2 Qc4 34. Qg6
Qc6 35. Qf5 b5 36. Kg1 Rf8 37. Qb1 Rc8 38. Qf5 Rf8 39. Qb1 Rd8 40. Rd2 Qd5 41.
Qd3 Qc4 42. Qf5 d3 43. Kh2 Qf7 44. Qe4 Qd5 45. Qf5 e4 46. Qxd5+ Rxd5 47. fxe4
Rd8 48. Bxg7 Kxg7 49. g3 Kf6 50. gxf4 gxf4 51. Kg2 Ke5 52. Kf3 Kd4 53. Rd1 Kc3
54. Kxf4 Kc2 55. Rg1 d2 0-1

[Event "FBL 1"]
[Site "?"]
[Date "2018.11.18"]
[Round "4.6"]
[White "Videnova, Iva"]
[Black "Spiel, Marianne"]
[Result "1-0"]
[WhiteElo "2316"]
[BlackElo "1901"]
[PlyCount "77"]
[EventDate "2018.10.27"]
[EventType "team-tourn"]
[EventCountry "GER"]
[WhiteTeam "Schwaebisch Hall SK"]
[BlackTeam "Muenchen FC Bayern"]
[WhiteTeamCountry "GER"]
[BlackTeamCountry "GER"]

1. e4 e6 2. d4 d5 3. Nc3 Nf6 4. e5 Nfd7 5. f4 c5 6. Nf3 Nc6 7. Be3 a6 8. Qd2
Qc7 9. dxc5 Nxc5 10. Qf2 Qa5 11. Bd3 Nxd3+ 12. cxd3 Bb4 13. O-O Bxc3 14. bxc3
Qxc3 15. Rac1 Qxd3 16. Bc5 f6 17. Bd6 Bd7 18. exf6 gxf6 19. Qb2 Rg8 20. Rxc6
Bxc6 21. Qxf6 Rxg2+ 22. Kxg2 Qg6+ 23. Qxg6+ hxg6 24. Ne5 O-O-O 25. Be7 Rh8 26.
Bg5 Rg8 27. Re1 Kc7 28. Nxc6 bxc6 29. Rxe6 Kb6 30. Bh4 Kb5 31. a4+ Kb6 32. Bf2+
Kc7 33. Bc5 Rg7 34. a5 Kd7 35. Rd6+ Kc7 36. h4 Rg8 37. Kg3 Rg7 38. Kg4 Rg8 39.
Kg5 1-0

[Event "FBL 1"]
[Site "?"]
[Date "2019.01.12"]
[Round "5.3"]
[White "Gosciniak, Maria"]
[Black "Muzychuk, Mariya"]
[Result "1/2-1/2"]
[WhiteElo "2091"]
[BlackElo "2540"]
[PlyCount "109"]
[EventDate "2018.10.27"]
[EventType "team-tourn"]
[EventCountry "GER"]
[WhiteTeam "Norderstedt TuRa Harksheide"]
[BlackTeam "Baden Baden OSG"]
[WhiteTeamCountry "GER"]
[BlackTeamCountry "GER"]

1. e4 c5 2. Nf3 e6 3. c4 Nc6 4. d4 cxd4 5. Nxd4 Nf6 6. Nxc6 bxc6 7. Nc3 e5 8.
Bd3 Bc5 9. O-O d6 10. Rb1 a5 11. Na4 Bd4 12. c5 dxc5 13. Qc2 O-O 14. b3 Nh5 15.
Be2 Nf4 16. Bxf4 exf4 17. Nxc5 Qg5 18. Nd3 Bh3 19. Ne1 c5 20. Kh1 Bg4 21. Bxg4
Qxg4 22. Nf3 Rfd8 23. h3 Qe6 24. Rbd1 h6 25. Rd2 Rd7 26. Rfd1 Rad8 27. a3 Rb8
28. Nxd4 cxd4 29. Rxd4 Rxd4 30. Rxd4 Qxb3 31. Qxb3 Rxb3 32. Ra4 Rb5 33. Kh2 h5
34. f3 g5 35. Kg1 Kg7 36. Kf1 Kf6 37. Ke2 Ke6 38. Kd3 Rb2 39. Rxa5 Rxg2 40.
Ra6+ Ke5 41. Ra5+ Kd6 42. a4 h4 43. Kd4 Rd2+ 44. Kc4 Rc2+ 45. Kd4 Rf2 46. Rxg5
Rxf3 47. Rg4 Rxh3 48. Rxf4 Ke6 49. a5 Rh1 50. a6 h3 51. Rh4 Ra1 52. Rxh3 Ra4+
53. Kc5 Rxa6 54. Rh6+ f6 55. Kd4 1/2-1/2

[Event "FBL 1"]
[Site "?"]
[Date "2019.01.12"]
[Round "5.1"]
[White "Atalik, Ekaterina"]
[Black "Burchardt, Brigitte"]
[Result "1-0"]
[WhiteElo "2447"]
[BlackElo "2166"]
[PlyCount "67"]
[EventDate "2018.10.27"]
[EventType "team-tourn"]
[EventCountry "GER"]
[WhiteTeam "Schwaebisch Hall SK"]
[BlackTeam "Berlin SC Rotation Pankow"]
[WhiteTeamCountry "GER"]
[BlackTeamCountry "GER"]

1. d4 d5 2. c4 e6 3. Nc3 Nf6 4. Nf3 c6 5. g3 Be7 6. Bg2 O-O 7. O-O b6 8. b3 Bb7
9. Qc2 Na6 10. e4 Rc8 11. e5 Nd7 12. Bb2 Nb4 13. Qe2 Re8 14. a3 Na6 15. h4 Nc7
16. Rfd1 Ba6 17. a4 Rb8 18. Nh2 Qc8 19. Ng4 b5 20. axb5 cxb5 21. Nxd5 exd5 22.
cxd5 Rb6 23. Ne3 Bb7 24. Rxa7 Ra6 25. Rxa6 Nxa6 26. Qxb5 Ndb8 27. d6 Bxg2 28.
Kxg2 Bf8 29. Rc1 Qd8 30. Nd5 Re6 31. Nc7 Rg6 32. Nxa6 Qxh4 33. Qd3 Qh5 34. Rh1
1-0

[Event "FBL 1"]
[Site "?"]
[Date "2019.01.12"]
[Round "5.2"]
[White "Jahn, Constanze"]
[Black "Bulmaga, Irina"]
[Result "0-1"]
[WhiteElo "2079"]
[BlackElo "2407"]
[PlyCount "116"]
[EventDate "2018.10.27"]
[EventType "team-tourn"]
[EventCountry "GER"]
[WhiteTeam "Berlin SC Rotation Pankow"]
[BlackTeam "Schwaebisch Hall SK"]
[WhiteTeamCountry "GER"]
[BlackTeamCountry "GER"]

1. e4 e5 2. Bc4 Nf6 3. d3 Nc6 4. Nf3 Bc5 5. c3 a6 6. a4 Ba7 7. O-O d6 8. Be3
O-O 9. Nbd2 Ne7 10. Bxa7 Rxa7 11. Nh4 Ng6 12. Nxg6 hxg6 13. f4 exf4 14. Rxf4 c6
15. d4 d5 16. Bd3 dxe4 17. Nxe4 Nxe4 18. Bxe4 Be6 19. Qe2 Qd6 20. Qf2 Raa8 21.
h4 Rae8 22. Bd3 f5 23. Qg3 Bd5 24. Qg5 Rf6 25. h5 Re3 26. Bf1 Re4 27. Rxe4 Bxe4
28. h6 Kh7 29. hxg7 Kxg7 30. Bc4 Rf8 31. Re1 Rh8 32. Kf2 Rh5 33. Qe3 Rh4 34.
Bf1 Rg4 35. Re2 Qh2 36. Ke1 Qh1 37. d5 cxd5 38. Qc5 Qh4+ 39. Kd1 Qf6 40. Qc7+
Qf7 41. Qe5+ Kf8 42. Qb8+ Qe8 43. Qd6+ Kf7 44. Qc7+ Qe7 45. Qb8 Qd7 46. b3 Qc6
47. Qe5 Rh4 48. Kd2 Rh1 49. Rf2 Qb6 50. Rf4 Qxb3 51. Qc7+ Ke6 52. Qc8+ Kd6 53.
Qd8+ Kc6 54. Qf6+ Kc7 55. Qe5+ Kb6 56. Qd4+ Ka5 57. Qc5+ Kxa4 58. Bb5+ Qxb5 0-1

[Event "FBL 1"]
[Site "?"]
[Date "2019.01.12"]
[Round "5.3"]
[White "Vega Gutierrez, Sabrina"]
[Black "Wagner Michel, Annett"]
[Result "1-0"]
[WhiteElo "2390"]
[BlackElo "2109"]
[PlyCount "67"]
[EventDate "2018.10.27"]
[EventType "team-tourn"]
[EventCountry "GER"]
[WhiteTeam "Schwaebisch Hall SK"]
[BlackTeam "Berlin SC Rotation Pankow"]
[WhiteTeamCountry "GER"]
[BlackTeamCountry "GER"]

1. e4 c5 2. Nf3 Nc6 3. d4 cxd4 4. Nxd4 Nf6 5. Nc3 d6 6. Bg5 e6 7. Qd2 a6 8.
Nxc6 bxc6 9. O-O-O Qc7 10. Bxf6 gxf6 11. Bc4 Rb8 12. h4 Qb6 13. Bb3 h5 14. Kb1
Bd7 15. Na4 Qb4 16. Qe2 Qb5 17. c4 Qe5 18. Rhe1 f5 19. c5 dxc5 20. Qd3 Qd4 21.
Qg3 f4 22. Qxf4 Qb4 23. Re2 Rb7 24. Rc2 Rg8 25. f3 Be7 26. Qe5 Qb5 27. Nxc5
Bxc5 28. Rxc5 Qe2 29. Qd4 Rxg2 30. Rxh5 Rg8 31. Rh7 c5 32. Qf6 Rf8 33. Ba4 c4
34. Qd4 1-0

[Event "FBL 1"]
[Site "?"]
[Date "2019.01.12"]
[Round "5.4"]
[White "Goehler, Antje"]
[Black "Ambartsumova, Karina"]
[Result "0-1"]
[WhiteElo "2082"]
[BlackElo "2391"]
[PlyCount "86"]
[EventDate "2018.10.27"]
[EventType "team-tourn"]
[EventCountry "GER"]
[WhiteTeam "Berlin SC Rotation Pankow"]
[BlackTeam "Schwaebisch Hall SK"]
[WhiteTeamCountry "GER"]
[BlackTeamCountry "GER"]

1. d4 Nf6 2. Nf3 g6 3. c4 Bg7 4. e3 O-O 5. Nc3 d6 6. Be2 Nbd7 7. O-O e5 8. Qc2
Re8 9. Rd1 e4 10. Nd2 Qe7 11. f4 exf3 12. Nxf3 Bh6 13. e4 Bxc1 14. Raxc1 Nxe4
15. Nxe4 Qxe4 16. Qxe4 Rxe4 17. Bd3 Re8 18. Re1 Rxe1+ 19. Rxe1 Kf8 20. h3 Nf6
21. Kf2 Bd7 22. g4 h6 23. Kg3 a6 24. Nd2 c5 25. Rf1 Kg7 26. dxc5 dxc5 27. Ne4
Nxe4+ 28. Bxe4 Rb8 29. Bd5 f5 30. gxf5 Bxf5 31. Re1 Kf6 32. h4 b5 33. b3 Rd8
34. Re3 b4 35. Re2 a5 36. a4 Rb8 37. Kf4 Rd8 38. Re3 g5+ 39. Kg3 Rf8 40. Kg2
gxh4 41. Bc6 Rg8+ 42. Kh2 Rg3 43. Re8 Rxb3 0-1

[Event "FBL 1"]
[Site "?"]
[Date "2019.01.12"]
[Round "5.5"]
[White "Rapport, Jovana"]
[Black "Heyme, Sibylle"]
[Result "1-0"]
[WhiteElo "2375"]
[BlackElo "2044"]
[PlyCount "51"]
[EventDate "2018.10.27"]
[EventType "team-tourn"]
[EventCountry "GER"]
[WhiteTeam "Schwaebisch Hall SK"]
[BlackTeam "Berlin SC Rotation Pankow"]
[WhiteTeamCountry "GER"]
[BlackTeamCountry "GER"]

1. Nf3 Nf6 2. g3 g6 3. Bg2 Bg7 4. d4 d6 5. O-O O-O 6. a4 Nbd7 7. a5 a6 8. c4 e5
9. Nc3 Re8 10. d5 Re7 11. e4 Qf8 12. b4 Ne8 13. c5 f5 14. Ng5 Ndf6 15. Ne6 Bxe6
16. dxe6 fxe4 17. Qb3 c6 18. cxd6 Nxd6 19. Be3 Rd8 20. Bb6 Rc8 21. Bc5 Rd8 22.
Rad1 Nfe8 23. Nxe4 Nxe4 24. Bxe7 Qxe7 25. Rd7 Nd2 26. Qa2 1-0

[Event "FBL 1"]
[Site "?"]
[Date "2019.01.12"]
[Round "5.6"]
[White "Mai, Iris"]
[Black "Zpevakova, Jana"]
[Result "1/2-1/2"]
[WhiteElo "2034"]
[BlackElo "2062"]
[PlyCount "87"]
[EventDate "2018.10.27"]
[EventType "team-tourn"]
[EventCountry "GER"]
[WhiteTeam "Berlin SC Rotation Pankow"]
[BlackTeam "Schwaebisch Hall SK"]
[WhiteTeamCountry "GER"]
[BlackTeamCountry "GER"]

1. d4 d5 2. c4 e6 3. Nf3 Nf6 4. Nc3 dxc4 5. e3 a6 6. a4 b6 7. Bxc4 Bb7 8. O-O
Nbd7 9. Qe2 Bb4 10. Na2 Bd6 11. Nc3 c5 12. b3 O-O 13. Bb2 Qe7 14. Rad1 e5 15.
d5 e4 16. Nh4 g6 17. f4 exf3 18. gxf3 Ne5 19. Ng2 Bc8 20. e4 Nh5 21. Qd2 f5 22.
Be2 f4 23. Kh1 Qg5 24. Rf2 Ra7 25. Bc4 Bh3 26. Ne2 Nxf3 27. Qc3 Be5 28. Qxf3
Bg4 29. d6+ Raf7 30. Qxg4 Qxg4 31. Bxe5 f3 32. Nc3 fxg2+ 33. Rxg2 Qf3 34. d7
Rd8 35. Rd3 Qf1+ 36. Rg1 Qf2 37. Bc7 Nf4 38. Nd1 Nxd3 39. Nxf2 Nxf2+ 40. Kg2
Rdxd7 41. Bxb6 Nxe4 42. Re1 Rd2+ 43. Kg1 Ng5 44. Re3 1/2-1/2

[Event "FBL 1"]
[Site "?"]
[Date "2019.01.12"]
[Round "5.1"]
[White "Shvayger, Yuliya"]
[Black "Sieber, Fiona"]
[Result "0-1"]
[WhiteElo "2387"]
[BlackElo "2264"]
[PlyCount "52"]
[EventDate "2018.10.27"]
[EventType "team-tourn"]
[EventCountry "GER"]
[WhiteTeam "Deizisau SF"]
[BlackTeam "Lehrte SK"]
[WhiteTeamCountry "GER"]
[BlackTeamCountry "GER"]

1. e4 e5 2. Nf3 Nc6 3. Bb5 a6 4. Ba4 Nf6 5. O-O Be7 6. d3 b5 7. Bb3 d6 8. a3
Na5 9. Ba2 c5 10. Nc3 Nc6 11. Nd5 Be6 12. Nxe7 Qxe7 13. Nh4 O-O 14. Bg5 h6 15.
Be3 c4 16. Qf3 Rac8 17. Nf5 Bxf5 18. Qxf5 Nd4 19. Bxd4 exd4 20. dxc4 bxc4 21.
Rad1 Qb7 22. Rxd4 Rc5 23. Qf4 Qxb2 24. Qxd6 Rfc8 25. Bb1 R5c6 26. Qe5 Re8 0-1

[Event "FBL 1"]
[Site "?"]
[Date "2019.01.12"]
[Round "5.2"]
[White "Schulze, Lara"]
[Black "Schleining, Zoya"]
[Result "1-0"]
[WhiteElo "2175"]
[BlackElo "2369"]
[PlyCount "101"]
[EventDate "2018.10.27"]
[EventType "team-tourn"]
[EventCountry "GER"]
[WhiteTeam "Lehrte SK"]
[BlackTeam "Deizisau SF"]
[WhiteTeamCountry "GER"]
[BlackTeamCountry "GER"]

1. e4 c6 2. d4 d5 3. e5 Bf5 4. Nd2 e6 5. Nb3 Nd7 6. Nf3 h6 7. Be2 Ne7 8. O-O
Qc7 9. a4 a5 10. Bd2 g5 11. Rc1 Bg7 12. Ne1 c5 13. c4 cxd4 14. Nxd4 Qxe5 15.
Bc3 O-O 16. g4 Bh7 17. Nf5 exf5 18. Bxe5 Nxe5 19. cxd5 fxg4 20. Rc7 Nf5 21.
Bxg4 Nd6 22. Be2 Rfe8 23. Nd3 Ng6 24. Bh5 Nh4 25. Rd7 Rad8 26. Rxd8 Rxd8 27.
Qb3 Bd4 28. Rc1 Be4 29. h3 f5 30. Ne1 Rd7 31. Kf1 g4 32. hxg4 fxg4 33. Bxg4 Rg7
34. Be6+ Kh7 35. Qh3 Bxb2 36. Rd1 Bf6 37. Qh2 Be7 38. Qf4 Ng6 39. Qe3 Ne5 40.
Qh3 Nec4 41. Rd4 Bf6 42. Rxe4 Nd2+ 43. Ke2 N6xe4 44. Bf5+ Kg8 45. Bxe4 Nxe4 46.
Qe6+ Rf7 47. d6 Ng5 48. Qg4 Rg7 49. Qc8+ Kh7 50. Qf5+ Rg6 51. Nd3 1-0

[Event "FBL 1"]
[Site "?"]
[Date "2019.01.12"]
[Round "5.3"]
[White "Klek, Hanna Marie"]
[Black "Boehm, Jana"]
[Result "1-0"]
[WhiteElo "2311"]
[BlackElo "2009"]
[PlyCount "61"]
[EventDate "2018.10.27"]
[EventType "team-tourn"]
[EventCountry "GER"]
[WhiteTeam "Deizisau SF"]
[BlackTeam "Lehrte SK"]
[WhiteTeamCountry "GER"]
[BlackTeamCountry "GER"]

1. d4 Nf6 2. c4 g6 3. Nc3 d5 4. Nf3 Bg7 5. h4 dxc4 6. e4 O-O 7. Bxc4 Bg4 8. e5
Ne8 9. h5 Nc6 10. hxg6 hxg6 11. Rh4 Bxf3 12. Qxf3 Nxd4 13. Qg4 Nf5 14. Rh1 Qd4
15. Qxg6 Qxe5+ 16. Kf1 Nf6 17. Nd5 Rfd8 18. Nxf6+ Qxf6 19. Bxf7+ Qxf7 20. Rh8+
Kxh8 21. Qxf7 Rf8 22. Qb3 Bd4 23. g4 Nd6 24. Be3 Bxe3 25. Qxe3 Rf7 26. Kg2 Kg8
27. Rh1 Raf8 28. Qe6 Ne8 29. f3 Ng7 30. Qe4 Rf4 31. Qxb7 1-0

[Event "FBL 1"]
[Site "?"]
[Date "2019.01.12"]
[Round "5.4"]
[White "Zschischang, Marine"]
[Black "Misanovic, Vesna"]
[Result "1/2-1/2"]
[WhiteElo "2066"]
[BlackElo "2259"]
[PlyCount "106"]
[EventDate "2018.10.27"]
[EventType "team-tourn"]
[EventCountry "GER"]
[WhiteTeam "Lehrte SK"]
[BlackTeam "Deizisau SF"]
[WhiteTeamCountry "GER"]
[BlackTeamCountry "GER"]

1. d4 d5 2. c4 c6 3. cxd5 cxd5 4. Nc3 Nf6 5. Nf3 Nc6 6. Ne5 Qb6 7. e3 a6 8. Bd3
e6 9. f4 Be7 10. O-O h5 11. a3 h4 12. Bd2 Bd7 13. b4 Kf8 14. Rf3 Kg8 15. Rh3
Be8 16. Nf3 a5 17. b5 Na7 18. a4 Ng4 19. Ng5 f5 20. Qe1 Bxg5 21. fxg5 Qd8 22.
Rxh4 Qxg5 23. Rxh8+ Kxh8 24. h3 Nf6 25. e4 Qg6 26. exf5 exf5 27. Qh4+ Kg8 28.
Qf4 Bd7 29. Rf1 Nc8 30. Bxf5 Bxf5 31. Qxf5 Qxf5 32. Rxf5 Nb6 33. Bg5 Rc8 34.
Bxf6 Rxc3 35. Bd8 Nxa4 36. Bxa5 Rc1+ 37. Kf2 b6 38. Bd2 Rc2 39. Ke1 Nb2 40.
Rxd5 Nc4 41. Rd8+ Kf7 42. Rc8 Rxd2 43. Rxc4 Rxg2 44. Rc6 Rg3 45. Rxb6 Rxh3 46.
Kd2 g5 47. Rc6 g4 48. b6 Rb3 49. Ke2 g3 50. d5 Ke7 51. Rh6 Kd7 52. Rg6 Rb5 53.
Rxg3 Rxd5 1/2-1/2

[Event "FBL 1"]
[Site "?"]
[Date "2019.01.12"]
[Round "5.5"]
[White "Jelica, Mara"]
[Black "Diederichs, Luise"]
[Result "1-0"]
[WhiteElo "2152"]
[BlackElo "1977"]
[PlyCount "73"]
[EventDate "2018.10.27"]
[EventType "team-tourn"]
[EventCountry "GER"]
[WhiteTeam "Deizisau SF"]
[BlackTeam "Lehrte SK"]
[WhiteTeamCountry "GER"]
[BlackTeamCountry "GER"]

1. e4 c5 2. Nf3 d6 3. d4 cxd4 4. Nxd4 a6 5. Nc3 Nf6 6. Bg5 e6 7. f4 Be7 8. Qf3
Qc7 9. O-O-O Nbd7 10. g4 h6 11. Bxf6 Nxf6 12. f5 e5 13. Nb3 b5 14. h4 b4 15.
Nd5 Nxd5 16. exd5 Bd7 17. Bd3 Bb5 18. Nd2 Kd7 19. Kb1 Rhc8 20. Be4 f6 21. g5
hxg5 22. hxg5 Rh8 23. g6 Rxh1 24. Rxh1 a5 25. Bd3 Qb6 26. Ne4 Bxd3 27. Qxd3 Rh8
28. Rc1 Rh4 29. c3 bxc3 30. Qxc3 Rh8 31. Nd2 Ra8 32. Nc4 Qb5 33. a4 Qa6 34.
Nxa5 Qxa5 35. Qc6+ Kd8 36. Rh1 Bf8 37. Rh8 1-0

[Event "FBL 1"]
[Site "?"]
[Date "2019.01.12"]
[Round "5.6"]
[White "Markgraf, Claudia"]
[Black "Straub, Natalia"]
[Result "1/2-1/2"]
[WhiteElo "2000"]
[BlackElo "2154"]
[PlyCount "38"]
[EventDate "2018.10.27"]
[EventType "team-tourn"]
[EventCountry "GER"]
[WhiteTeam "Lehrte SK"]
[BlackTeam "Deizisau SF"]
[WhiteTeamCountry "GER"]
[BlackTeamCountry "GER"]

1. e4 e6 2. d4 d5 3. e5 c5 4. c3 Nc6 5. Nf3 Bd7 6. a3 Rc8 7. Be2 Nge7 8. O-O
Ng6 9. b4 cxd4 10. cxd4 a6 11. Be3 Be7 12. Nbd2 O-O 13. Nb3 b5 14. Qd2 Nb8 15.
Rfc1 Qb6 16. Ne1 Rxc1 17. Rxc1 Rc8 18. Nd3 Rxc1+ 19. Qxc1 Nc6 1/2-1/2